| 000 | 01485nam a2200241Ia 4500 | ||
|---|---|---|---|
| 999 |
_c52151 _d52151 |
||
| 001 | 19158 | ||
| 003 | GE_BSU | ||
| 005 | 20210413125424.0 | ||
| 008 | 181216s2014||||ge |||||||||||||| ||geo|| | ||
| 040 | _cGE_BSU | ||
| 041 | _ageo | ||
| 080 | _a82 ჯ-20 | ||
| 100 |
_aჯანგულაშვილი, თამარ _96698 |
||
| 245 |
_aპროგრესის ზნეობრივი ასპექტი სამეცნიერო ფანტასტიკის პროზის ტრადიციაში / _cთამარ ჯანგულაშვილი; სამეცნიერო ხელმძღვანელები: ნ. ფირცხალავა, თ. სირაძე; ბათუმის შოთა რუსთაველის სახ-ფო უნ-ტი. |
||
| 264 |
_aბათუმი, _c2014. |
||
| 300 |
_a134 გვ. _b30 სმ. |
||
| 653 | _aდისერტაცია | ||
| 653 | _aლიტმცოდნეობა | ||
| 653 | _aპროგრესის ზნეობრივი ასპექტი სამეცნიერო ფანტასტიკის პროზის ტრადიციაში | ||
| 700 |
_aფირცხალავა, ნ. _eსამეცნიერო ხელმძღვანელი _911277 |
||
| 700 |
_aსირაძე, თ. _eსამეცნიერო ხელმძღვანელი _911278 |
||
| 942 |
_cBK _2udc |
||